Statistics for Top 50 Most Common Japanese Last Names in Japan

Click here to take the quiz!

General Stats

  • This quiz has been taken 1,393 times
  • The average score is 11 of 50

Answer Stats

RankAnswer% Correct
2Suzuki
61%
4Tanaka
60%
1Sato
54%
7Yamamoto
50%
12Yamada
43%
3Takahashi
39%
8Nakamura
38%
22Abe
37%
6Watanabe
36%
5Ito
34%
23Mori
34%
14Yamaguchi
34%
39Saito
32%
9Kobayashi
30%
10Kato
29%
15Matsumoto
29%
17Kimura
22%
11Yoshida
22%
18Hayashi
21%
19Saito
21%
16Inoue
20%
27Ishikawa
19%
13Sasaki
19%
21Yamazaki
19%
48Matsuda
18%
38Endo
17%
25Hashimoto
17%
45Ohta
17%
26Yamashita
17%
40Sakamoto
16%
35Murakami
15%
33Okada
15%
28Nakajima
14%
20Shimizu
14%
30Fujita
13%
31Goto
13%
36Kondo
13%
29Maeda
13%
47Fujiwara
12%
44Fukuda
12%
41Aoki
10%
42Fujii
10%
34Hasegawa
10%
24Ikeda
10%
37Ishii
10%
50Nakagawa
10%
32Ogawa
10%
49Okamoto
10%
43Nishimura
9%
46Miura
8%

Score Distribution

Percentile by Number Answered

Percent of People with Each Score

Your Score History

You have not taken this quiz